| 000 | 00778nam a2200205Ii 4500 | ||
|---|---|---|---|
| 003 | JO-AjNU | ||
| 008 | 230605s9999||||xx |||||||||||||| ||und|| | ||
| 017 | _a2009/20948 | ||
| 040 |
_aJO-AjNU _bara _erda _cJO-AjNU |
||
| 041 | _aara | ||
| 050 | 1 | 4 | _aBP144.S5222 2009 |
| 100 | 3 |
_aالشافعي، أحمد محمود, _eauthor _943951 |
|
| 245 | 0 | 0 | _aأحكام المواريث والوصايا والوقف في الشريعة الإسلامية |
| 264 | 3 | 1 | _aالاسكندرية: مؤسسة النقابة الجامعة، 2009 |
| 300 | _a524ص | ||
| 336 |
_atext _btxt _2rdacontent |
||
| 337 |
_aunmediated _bn _2rdamedia |
||
| 338 |
_avolume _bnc _2rdacarrier |
||
| 650 | 4 |
_aالمواريث-شريعة اسلامية- الوصايا- الفقه الاسلامي _943952 |
|
| 999 |
_aA18936 _c22504 _d22504 |
||